Normal view
MARC view
Entry Personal Name
001 - CONTROL NUMBER
- control field: 64296
003 - CONTROL NUMBER IDENTIFIER
- control field: dpl
005 - DATE AND TIME OF LATEST TRANSACTION
- control field: 20240404112316.0
008 - FIXED-LENGTH DATA ELEMENTS
- fixed length control field: 240404|| aca||aabn | a|a d
040 ## - CATALOGING SOURCE
- Original cataloging agency: dpl
- Transcribing agency: dpl
100 ## - HEADING--PERSONAL NAME
- Personal name: गोयल,जंग बहादुर
670 ## - SOURCE DATA FOUND
- Source citation: Work cat.: (dpl)201924: नईमी,मिखाइल 64295, विज्ञान संचार और संचारक/, 2021
